00321nam a2200133Ia 45000030006000000080041000060400015000471000034000622450043000962500010001392600009001495460012001580050017001700STCL150530s9999 xx 000 0 und d aSTCLcSTCL aCookson, L.; Loughrey, B.; Ed aCritical essays on Philip larkin:poems aFirst c1982 aEnglish20220125170849.0